00451nam a2200145Ia 4500008004100000020001800041050002200059100002000081245007700101250001200178260003300190300002200223500005100245521000900296140429s9999 xx 000 0 und d a9789719223320 aJC 337b.P42 2011 aPerlas, Nicanor aMission possible! :bsow courage; harvest a new world /cNicanor Perlas. a1st ed. aQuezon City :bCADI,cc2011. a 361 p. :c23 cm. aIncludes bibliographical references and index. aBSBA